000 00664nam a22001937a 4500
999 _c62270
_d62270
005 20240911115213.0
008 240911s2023 enk||||| |||| 00| 0 eng d
020 _a9781032274133x
041 _aeng
080 _a338.47 M-86
100 _aMorrison, Alastair M.
_923116
245 _aHospitality and Travel Marketing /
_cAlastair M. Morrison.
250 _a 5th Edition
264 _aNew York :
_bRoutledge,
_c2023.
300 _a638 p.:
_bill. ;
_c26 cm.
653 _aსტუმართმოყვარეობა და სამოგზაურო მარკეტინგი
653 _aტურიზმი
942 _2udc
_cᲬᲘᲒᲜᲘ